Pla d'Acció Municipal 86 : programa d'Acció Municipal / Diputació de Barcelona. Servei de Cooperació Municipal programa d'Acció Municipal / Diputació de Barcelona. Servei de Cooperació Municipal
Descripción Física:
[189] p. : il. ; 10 map. pleg. ; 30 cm
MARC
| LEADER | 00000nam a2200000Ia 4500 | ||
|---|---|---|---|
| 001 | 8071 | ||
| 008 | 160829s9999 xx 000 0 cat d | ||
| 080 | |a M-3-197 | ||
| 110 | 1 | |a Barcelona (Catalunya : Província). |b Servei de Cooperació Municipal |9 54958 | |
| 245 | |a Pla d'Acció Municipal 86 : |b programa d'Acció Municipal / Diputació de Barcelona. Servei de Cooperació Municipal | ||
| 260 | |a Barcelona : |b [el Servei], novembre de 1986 | ||
| 300 | |a [189] p. : |b il. ; |c 10 map. pleg. ; |c 30 cm | ||
| 650 | |a Municipis |x Barcelona (Província) |x Subvencions |9 23036 | ||
| 901 | |a Arxiu | ||
| 942 | |n 1 | ||
| 952 | |0 0 |1 0 |4 0 |6 M3197 |7 1 |9 42492 |a Arxiu |b Arxiu |d 2016-12-01 |l 0 |o M-3-197 |p 8071 |r 2016-12-01 00:00:00 |w 2016-12-01 |y ARXIU | ||
| 999 | |c 44997 |d 44997 | ||